| 000 | 00560nam a22002057a 4500 | ||
|---|---|---|---|
| 942 | _cBK | ||
| 999 |
_c718 _d718 |
||
| 005 | 20250420134822.0 | ||
| 008 | 211014b ||||| |||| 00| 0 eng d | ||
| 020 | _a9781292061429 | ||
| 040 | _cKCST | ||
| 082 |
_a005.43 _bTa Mo |
||
| 100 |
_aTanenbaum, Andrew S _9857 |
||
| 245 |
_aModern operating systems / _cAndrew S Tanenbaum; Herbert Bos |
||
| 250 | _a4th | ||
| 260 |
_aBoston, Massachusetts : _bPearson, _c2015. |
||
| 300 | _a1101 p. | ||
| 650 |
_aOperating systems (Computers) _9707 |
||
| 700 |
_aBos, Herbert _95415 |
||
| 942 | _2ddc | ||